000 00457nam a2200145Ia 4500
008 090124s9999 xx 000 0 und d
082 _b303878
245 _a उमाडलेल्या भावना
250 _a1
260 _bकवठेकर दत्त रघुनाथ
_c1995
300 _a232
630 _a उमाडलेल्या भावना
730 _a उमाडलेल्या भावना
942 _cBOOK
999 _c193515
_d193515